| 000 | 00357cam a2200145ua 4500 | ||
|---|---|---|---|
| 041 |
_aeng _h |
||
| 082 |
_a821 _bBAR/FO |
||
| 100 | _aBarua, Hem . | ||
| 245 |
_aFolksongs of India / _cHem Barua. _hTextual Documents |
||
| 260 |
_a : _bIndian Council for cultural Relations , _c1963. |
||
| 300 | _a88 ; . | ||
| 504 | _a | ||
| 942 | _cBK | ||
| 999 |
_c4457 _d4457 |
||